LEADER 01073nam0-22003011i-450- 001 990005255440403321 005 20100210122419.0 010 $a0-405-04799-1 035 $a000525544 035 $aFED01000525544 035 $a(Aleph)000525544FED01 035 $a000525544 100 $a19990604d1973----km-y0itay50------ba 101 0 $afre 105 $ay-------001yy 200 1 $a<>mirage spartiate$eétude sur l'idèalisation de Sparte dans l'antiquité greque de l'origin jusqu'aux cyniques et étude sur l'idèalisation de Sparte dans l'antiquité greque du dèbut de l'école cynique jusqu'à la fin de la cité$fFrançois Ollier 210 $aNew York$cArno Press$d1973 215 $aII, 667 p. in più sequenze$d23 cm 300 $aGreek History of the 1933 and 1943 editions 676 $a938.9$v22$zita 700 1$aOllier,$bFrançois$0391743 801 0$aIT$bUNINA$gRICA$2UNIMARC 901 $aBK 912 $a990005255440403321 952 $a938.9 OLL 1$bANT.G.R. 2509$fFLFBC 959 $aFLFBC 996 $aMirage spartiate$9535249 997 $aUNINA LEADER 01720nam 2200469I 450 001 9910711870203321 005 20190131103334.0 035 $a(CKB)5470000002487378 035 $a(OCoLC)1083670999 035 $a(EXLCZ)995470000002487378 100 $a20190131j201812 ua 0 101 0 $aeng 135 $aur||||||||||| 181 $ctxt$2rdacontent 182 $cc$2rdamedia 183 $acr$2rdacarrier 200 10$aComputational icing risk analysis of the D8 "Double Bubble" aircraft /$fChristopher E. Porter and Mark G. Potapczuk 210 1$aCleveland, Ohio :$cNational Aeronautics and Space Administration, Glenn Research Center,$dDecember 2018. 215 $a1 online resource (30 pages) $ccolor illustrations 225 1 $aNASA/TM ;$v2018-220006 300 $a"Prepared for the Aviation Forum sponsored by the American Institute of Aeronautics and Astronautics Atlanta, Georgia, June 25-29, 2018." 300 $a"AIAA-2018-2859." 320 $aIncludes bibliographical references (page 30). 606 $aComputational fluid dynamics$2nasat 606 $aAircraft icing$2nasat 606 $aContours$2nasat 606 $aIce prevention$2nasat 606 $aWings$2nasat 615 7$aComputational fluid dynamics. 615 7$aAircraft icing. 615 7$aContours. 615 7$aIce prevention. 615 7$aWings. 700 $aPorter$b Christopher E.$01392374 712 02$aAmerican Institute of Aeronautics and Astronautics. 712 02$aNASA Glenn Research Center, 801 0$bGPO 801 1$bGPO 906 $aBOOK 912 $a9910711870203321 996 $aComputational icing risk analysis of the D8 "Double Bubble" aircraft$93447009 997 $aUNINA